[Event "IECC CL2-2000.24"]
[Site "IECC email"]
[Date "2000.06.14"]
[Round "?"]
[White "McGee, Phillip"]
[Black "Gosme, Emile"]
[Result "1/2-1/2"]
[WhiteElo "1997"]
[BlackElo "1899"]
[PlyCount "78"]
[EventDate "2000.??.??"]
[EventType "tourn (corr)"]
[EventRounds "4"]
[SourceTitle "Corr 2008"]
[Source "ChessBase"]
[SourceDate "2008.06.24"]
[SourceVersion "1"]
[SourceVersionDate "2008.06.24"]
[SourceQuality "1"]

1. e4 c5 2. Nf3 Nc6 3. Nc3 e5 4. Bc4 Be7 5. d3 Nf6 6. 0-0 0-0 7. Bg5 d6 8. h3 Be6 9. Bxf6 Bxf6 10. Qd2 a6 11. Nd5 b5 12. Bb3 a5 13. a3 Rb8 14. a4 b4 15. Rfe1 Bh4 16. Kh2 Nd4 17. Nxd4 cxd4 18. g3 Bg5 19. f4 Bh6 20. Rf1 exf4 21. Nxf4 Bxb3 22. cxb3 d5 23. e5 Re8 24. Rfe1 Qc7 25. Rac1 Qb6 26. Qf2 Bxf4 27. Qxf4 Rb7 28. Qf3 Rd8 29. Qg4 Re7 30. Rc8 Ree8 31. Rxd8 Rxd8 32. Rc1 h6 33. Kg2 Re8 34. Rc8 Rxc8 35. Qxc8+ Kh7 36. Qf5+ Qg6 37. g4 Qxf5 38. gxf5 g6 39. h4 gxf5 1/2-1/2

[Event "IECC CL2-2000.24"]
[Site "IECC email"]
[Date "2000.06.14"]
[Round "?"]
[White "McGee, Phillip"]
[Black "Spiekermann, Michael"]
[Result "0-1"]
[WhiteElo "1992"]
[BlackElo "2013"]
[PlyCount "100"]
[EventDate "2000.??.??"]
[EventType "tourn (corr)"]
[EventRounds "4"]
[SourceTitle "Corr 2008"]
[Source "ChessBase"]
[SourceDate "2008.06.24"]
[SourceVersion "1"]
[SourceVersionDate "2008.06.24"]
[SourceQuality "1"]

1. e4 e6 2. d4 d5 3. Nd2 c5 4. exd5 Qxd5 5. Ngf3 cxd4 6. Bc4 Qd6 7. 0-0 Nf6 8. Nb3 Nc6 9. Nbxd4 Nxd4 10. Nxd4 a6 11. Bb3 Qc7 12. Nf3 Bd6 13. Qd4 Bd7 14. Rd1 Bc5 15. Qh4 Bc6 16. Bf4 Qb6 17. Nd2 g5 18. Bxg5 Rg8 19. Ba4 h6 20. Nc4 Bxf2+ 21. Qxf2 Qxf2+ 22. Kxf2 Ng4+ 23. Kg1 Rxg5 24. Bxc6+ bxc6 25. Rd6 Rc5 26. Rd4 Ne5 27. Nxe5 Rxe5 28. Rad1 Rd5 29. Kf2 Rad8 30. R4d3 Ke7 31. Ke3 f5 32. Rf1 Rg8 33. Rf2 Rg4 34. g3 Ra4 35. a3 Rb5 36. c3 Re4+ 37. Kf3 a5 38. Rfd2 Rd5 39. b3 a4 40. Rxd5 cxd5 41. c4 dxc4 42. bxa4 Re5 43. Rc2 Rc5 44. g4 Kd6 45. gxf5 Rxf5+ 46. Ke4 Kc5 47. h3 Rd5 48. Rc3 Rd8 49. Ke5 Rd3 50. Rc2 Rxh3 0-1

[Event "IECC CL2-1999.28"]
[Site "IECC email"]
[Date "1999.08.25"]
[Round "?"]
[White "McGee, Phillip"]
[Black "Cousins, Eddie"]
[Result "1/2-1/2"]
[WhiteElo "2032"]
[BlackElo "1927"]
[PlyCount "74"]
[EventDate "1999.??.??"]
[EventType "tourn (corr)"]
[EventRounds "4"]
[SourceTitle "Corr 2008"]
[Source "ChessBase"]
[SourceDate "2008.06.24"]
[SourceVersion "1"]
[SourceVersionDate "2008.06.24"]
[SourceQuality "1"]

1. d4 d5 2. c4 c6 3. Nf3 Nf6 4. Nc3 e6 5. e3 Nbd7 6. Bd3 dxc4 7. Bxc4 b5 8. Bd3 Bb7 9. 0-0 a6 10. e4 c5 11. e5 Nd5 12. Be3 c4 13. Nxd5 Bxd5 14. Bc2 Be7 15. Nd2 0-0 16. Be4 Bxe4 17. Nxe4 f5 18. exf6 Nxf6 19. Nc5 Qd5 20. Re1 Bd6 21. f4 Rad8 22. Qe2 Ne4 23. Rad1 Bc7 24. Qc2 Nxc5 25. dxc5 Qf5 26. Qxf5 exf5 27. Kf2 Kf7 28. Ke2 Rfe8 29. g3 Ba5 30. Rxd8 Bxd8 31. Rd1 Bf6 32. b3 Bb2 33. bxc4 bxc4 34. c6 Rc8 35. Rd6 g6 36. Bc5 a5 37. a4 Bc3 1/2-1/2

[Event "IECC CL2-1999.28"]
[Site "IECC email"]
[Date "1999.08.25"]
[Round "?"]
[White "Salai, Josip"]
[Black "McGee, Phillip"]
[Result "1-0"]
[WhiteElo "2018"]
[BlackElo "2019"]
[PlyCount "101"]
[EventDate "1999.??.??"]
[EventType "tourn (corr)"]
[EventRounds "4"]
[SourceTitle "Corr 2008"]
[Source "ChessBase"]
[SourceDate "2008.06.24"]
[SourceVersion "1"]
[SourceVersionDate "2008.06.24"]
[SourceQuality "1"]

1. Nf3 Nf6 2. d4 e6 3. c4 b6 4. g3 Bb7 5. Bg2 Be7 6. Nc3 Ne4 7. Bd2 Bf6 8. 0-0 c5 9. d5 Nxc3 10. Bxc3 Bxc3 11. bxc3 0-0 12. Qd2 exd5 13. Nh4 Nc6 14. cxd5 Ne5 15. f4 Nc4 16. Qd3 b5 17. a4 a6 18. Rfb1 Nd6 19. e4 f6 20. Nf3 Qc7 21. axb5 Nxb5 22. c4 Nd6 23. e5 fxe5 24. fxe5 Nf7 25. d6 Qc8 26. Ng5 Nxg5 27. Bxb7 Qd8 28. Qd5+ Ne6 29. Bxa8 Qxa8 30. Rb7 Qe8 31. Ra7 Qf7 32. R7xa6 h5 33. Ra8 Qf2+ 34. Kh1 Rxa8 35. Qxa8+ Kh7 36. Qe4+ Kh6 37. Qd3 Qb2 38. Qe3+ Kg6 39. Qe4+ Kh6 40. Rb1 Qc3 41. Rf1 g6 42. Rf6 Qc1+ 43. Kg2 Qd2+ 44. Rf2 Qc3 45. h4 Qd4 46. Qxd4 cxd4 47. Rf7 d3 48. Kf2 Nc5 49. Ke3 g5 50. e6 d2 51. Ke2 1-0

[Event "IECC CL3-1999.12"]
[Site "IECC email"]
[Date "1999.02.28"]
[Round "?"]
[White "Kuper, Marino"]
[Black "McGee, Phillip"]
[Result "1/2-1/2"]
[WhiteElo "1986"]
[BlackElo "2015"]
[PlyCount "139"]
[EventDate "1999.??.??"]
[EventType "tourn (corr)"]
[EventRounds "4"]
[SourceTitle "Corr 2008"]
[Source "ChessBase"]
[SourceDate "2008.06.24"]
[SourceVersion "1"]
[SourceVersionDate "2008.06.24"]
[SourceQuality "1"]

1. e4 c5 2. Nf3 e6 3. d4 cxd4 4. Nxd4 Nc6 5. Nc3 a6 6. Nxc6 bxc6 7. Bd3 Qc7 8. 0-0 d5 9. Qe2 d4 10. Nd1 c5 11. f4 Nf6 12. e5 Nd5 13. Nf2 Bb7 14. Ne4 Be7 15. a3 0-0 16. b3 a5 17. Bd2 a4 18. bxa4 c4 19. Bxc4 Rxa4 20. Bd3 Nc3 21. Nxc3 dxc3 22. Bc1 Rfa8 23. Rd1 Bxa3 24. Rxa3 Rxa3 25. Bxa3 Rxa3 26. Bc4 Ra4 27. Qd3 Qb6+ 28. Kf1 Bd5 29. Bxd5 exd5 30. g3 d4 31. Qe4 g6 32. Kg2 h6 33. g4 Rb4 34. Kg3 Kg7 35. f5 Qc5 36. Rd3 Rb5 37. f6+ Kh7 38. Rxd4 Qxe5+ 39. Qxe5 Rxe5 40. Rd7 Kg8 41. Rd8+ Kh7 42. Rf8 g5 43. Rxf7+ Kg6 44. Rc7 Kxf6 45. Rxc3 Re2 46. Rc8 Re3+ 47. Kf2 Rh3 48. Kg2 Ra3 49. c3 Ke5 50. Kf3 Kd5 51. h3 Ra1 52. Rd8+ Ke5 53. Rd3 Rh1 54. Kg2 Rc1 55. Kf2 Ke4 56. Rd4+ Ke5 57. Rc4 Rh1 58. Kg2 Rd1 59. Rc6 Rd3 60. c4 Rd4 61. Kf2 Kf4 62. Ke2 Ke5 63. c5 Rc4 64. Kd3 Rc1 65. Rxh6 Rxc5 66. Rg6 Kf4 67. Rf6+ Kg3 68. Rh6 Re5 69. Kd4 Re7 70. Rh5 1/2-1/2

[Event "IECC CL3-1998.08"]
[Site "IECC email"]
[Date "1998.02.22"]
[Round "?"]
[White "Wu, Jihuan"]
[Black "McGee, Phillip"]
[Result "1/2-1/2"]
[WhiteElo "1801"]
[BlackElo "1947"]
[PlyCount "74"]
[EventDate "1998.??.??"]
[EventType "tourn (corr)"]
[EventRounds "4"]
[SourceTitle "Corr 2008"]
[Source "ChessBase"]
[SourceDate "2008.06.24"]
[SourceVersion "1"]
[SourceVersionDate "2008.06.24"]
[SourceQuality "1"]

1. d4 d5 2. Nf3 e6 3. Bf4 Nf6 4. e3 c5 5. Nbd2 Qb6 6. Rb1 cxd4 7. exd4 Be7 8. Bd3 0-0 9. 0-0 Nc6 10. c3 Nh5 11. Be3 Nf6 12. h3 Qc7 13. Re1 Bd6 14. Nf1 Re8 15. N1h2 b6 16. Qc2 h6 17. Ng4 Nxg4 18. hxg4 Bb7 19. Bb5 a6 20. Bxc6 Bxc6 21. Qd2 f6 22. Rbd1 Re7 23. g3 Be8 24. Bf4 Bg6 25. Bxd6 Qxd6 26. Nh4 Be4 27. Qf4 Qxf4 28. gxf4 g5 29. fxg5 hxg5 30. f3 Rh7 31. fxe4 Rxh4 32. exd5 Rxg4+ 33. Kf2 exd5 34. Re7 Re4 35. Rxe4 dxe4 36. Ke3 f5 37. Rg1 g4 1/2-1/2